|
|
|
|
| LEADER |
00000cam a22000004a 4500 |
| 001 |
musev2_73462 |
| 003 |
MdBmJHUP |
| 005 |
20230905051601.0 |
| 006 |
m o d |
| 007 |
cr||||||||nn|n |
| 008 |
150130s2015 nyu o 00 0 eng d |
| 010 |
|
|
|z 2015004139
|
| 020 |
|
|
|a 9781580468787
|
| 020 |
|
|
|z 9781580465168
|
| 035 |
|
|
|a (OCoLC)910847492
|
| 040 |
|
|
|a MdBmJHUP
|c MdBmJHUP
|
| 100 |
1 |
|
|a Christman, Victoria,
|e author.
|
| 245 |
1 |
0 |
|a Pragmatic Toleration :
|b The Politics of Religious Heterodoxy in Early Reformation Antwerp, 1515-1555 /
|c Victoria Christman.
|
| 264 |
|
1 |
|a Rochester, NY :
|b University of Rochester Press,
|c 2015.
|
| 264 |
|
3 |
|a Baltimore, Md. :
|b Project MUSE,
|c 2021
|
| 264 |
|
4 |
|c ©2015.
|
| 300 |
|
|
|a 1 online resource (256 pages).
|
| 336 |
|
|
|a text
|b txt
|2 rdacontent
|
| 337 |
|
|
|a computer
|b c
|2 rdamedia
|
| 338 |
|
|
|a online resource
|b cr
|2 rdacarrier
|
| 490 |
0 |
|
|a Changing perspectives on early modern Europe,
|x 1542-3905 ;
|v v. 17
|
| 505 |
0 |
|
|a The lay of the land: government and law in Brabant -- Undercover: the Claes vander Elst conventicle -- Pragmatic intolerance: Antwerp's Anabaptists -- People of the book: heterodox printers and publishers in Antwerp -- Between stage and scaffold: Rederijker trials in Antwerp -- Trade in tolerance: the Portuguese new Christians in Antwerp, 1526-50 -- Conclusion: Rulers and religious renegades.
|
| 588 |
|
|
|a Description based on print version record.
|
| 650 |
|
7 |
|a Religious tolerance
|x Christianity.
|2 fast
|0 (OCoLC)fst01767727
|
| 650 |
|
7 |
|a Christianity and politics.
|2 fast
|0 (OCoLC)fst00859736
|
| 650 |
|
7 |
|a 15.70 history of Europe.
|0 (NL-LeOCL)077599594
|2 bcl
|
| 650 |
|
0 |
|a Christianity and politics
|z Belgium
|z Antwerp
|x History
|y 16th century.
|
| 650 |
|
0 |
|a Religious tolerance
|x Christianity
|x History
|y 16th century.
|
| 651 |
|
7 |
|a Antwerpen (stad)
|2 gtt
|0 (NL-LeOCL)090646991
|
| 651 |
|
7 |
|a Belgium
|z Antwerp.
|2 fast
|0 (OCoLC)fst01204472
|
| 651 |
|
0 |
|a Antwerp (Belgium)
|x Church history
|y 16th century.
|
| 655 |
|
7 |
|a History.
|2 fast
|0 (OCoLC)fst01411628
|
| 655 |
|
7 |
|a Church history.
|2 fast
|0 (OCoLC)fst01411629
|
| 655 |
|
7 |
|a Electronic books.
|2 local
|
| 710 |
2 |
|
|a Project Muse.
|e distributor
|
| 830 |
|
0 |
|a Book collections on Project MUSE.
|
| 856 |
4 |
0 |
|z Texto completo
|u https://projectmuse.uam.elogim.com/book/73462/
|
| 945 |
|
|
|a Project MUSE - Custom Collection
|
| 945 |
|
|
|a Project MUSE - Archive Complete Supplement IX
|
| 945 |
|
|
|a Project MUSE - Archive Philosophy and Religion Supplement IX
|